00327 a2200097 4500001001000000005001700010008004100027245005200068100002100120773008800141ART_4539420260410161939.0260409a 10aIs Keynesian policy dead after all these years?1 aWray, L. Randall0 tJournal of post Keynesian economicsg- Vol. 17, NÂș 2 (dic.1994/mar.1995)wREV26226